000
00332nam a22001217a 4500
003
SGT
082
_a
954
_b
A15K
100
_a
कंधवे, आशीष
245
_a
आधुनिक साहित्य
260
_b
आधुनिक साहित्य प्रकाशन
_c
2015
300
_a
224
942
_2
ddc
_c
BK
999
_c
29314
_d
29314